The Perceptual Roots of Geometric Idealizations (Record no. 530823)

000 -CABECERA
Campo de control de longitud fija 00454nab a2200145Ia 4500
003 - IDENTIFICADOR DEL NÚMERO DE CONTROL
Campo de control ES-SlBCS
005 - FECHA Y HORA DE LA ÚLTIMA TRANSACCIÓN
Campo de control 20210601125451.0
008 - CÓDIGOS DE INFORMACIÓN DE LONGITUD FIJA
Campo de control de longitud fija 140529s1983-84 xxu||||| |||| 00| 0 eng d
041 ## - CÓDIGO DE LENGUA
Código de lengua del texto/banda sonora o título independiente eng
100 1# - PUNTO DE ACCESO PRINCIPAL-NOMBRE DE PERSONA
Nombre de persona Drummond, John J.
9 (RLIN) 48712
245 04 - MENCIÓN DE TÍTULO
Título The Perceptual Roots of Geometric Idealizations
Mención de responsabilidad, etc. John J. Drummond
650 04 - PUNTO DE ACCESO ADICIONAL DE MATERIA-TÉRMINO DE MATERIA
Término de materia o nombre geográfico como elemento inicial Geometría-Idealizaciones
9 (RLIN) 159003
773 0# - ENLACE AL DOCUMENTO FUENTE
Título Review of Methaphysics
Parte(s) relacionada(s) vol. 37, 1983-84, págs. 785-810
Número de control del registro relacionado Rev843
942 ## - ENTRADA DE ELEMENTOS AGREGADOS (KOHA)
Koha [por defecto] tipo de item Artículos de revista
Holdings
Suprimido Perdido Estropeado No para préstamo Localización permanente Localización actual Localización en estantería Fecha adquisición Préstamos totales Fecha última consulta Fecha del precio de reemplazo Tipo de item de Koha
        San Esteban San Esteban Depósito de revistas 11/07/2014   11/07/2014 11/07/2014 Artículos de revista

Bibliotecas Dominicos Provincia Hispania, 2016

Con tecnología Koha